000 00321pam a2200145 a 4500
020 _c
041 _h
082 _a741.6
_bSCH
100 _aRichard Schultz.
245 _aGraphic 350
_b Graphic 350
_hTextual Documents
250 _a2004.
260 _a[s.l]:
_bGraphic Book
300 _a160:
_bpaper.
930 _a1474
999 _c235264
_d235264